000 00786nam a2200217 4500
999 _c9458
_d9458
008 180628b ||||| |||| 00| 0 eng d
020 _a978-1-305-94330-8
082 _22018
_aDC 362.29
_bV389
100 _928050
_aVan Wormer, Katherine S
245 _aAddiction treatment :
_ba strengths perspective /
_cKatherine van Wormer, Diane Rae Davis.
250 _aFourth Edition
260 _aAustralia:
_bCengage Learning,
_c©2018.
300 _axv, 632 pages:
_billustrations ;
_c25 cm.
500 _aIncludes bibliographical references and index.
650 0 _928052
_aAddicts -- Rehabilitation
650 0 _928053
_aSubstance abuse -- Treatment
650 0 _928054
_aBehavior, Addictive -- therapy
700 _928055
_aDavis, Diane Rae
365 _b8,863.20
_cPhp.
942 _2ddc
_cDC